000 00230nam a2200097 a 4500
005 20200930063431.0
008 110712s2004 000 spa d
245 0 _aInmobiliaria Las Américas.
260 _c[s.f.].
999 _c31595
_d31595
040 _aDO-SdBNP